|
|
|
|
| LEADER |
01984nam a2200505 i 4500 |
| 001 |
nkc20172908940 |
| 003 |
CZ PrNK |
| 005 |
20180110085840.0 |
| 007 |
ta |
| 008 |
170719s2017 xr a f 000 0 cze |
| 015 |
|
|
|a cnb002908940
|
| 020 |
|
|
|a 978-80-7494-348-5
|q (brožováno)
|
| 035 |
|
|
|a (OCoLC)1011109428
|
| 040 |
|
|
|a BOA001
|b cze
|d ABA001
|e rda
|
| 041 |
0 |
|
|a cze
|b cze
|b eng
|
| 043 |
|
|
|a e-xr---
|
| 045 |
|
|
|a y-y-
|
| 072 |
|
7 |
|a 334
|x Formy organizace a spolupráce v ekonomice
|2 Konspekt
|9 4
|
| 080 |
|
|
|a 334.722.24
|2 MRF
|
| 080 |
|
|
|a (437.3)
|2 MRF
|
| 080 |
|
|
|a (048.8:082)
|2 MRF
|
| 245 |
0 |
0 |
|a Typologie a hodnocení vitality rodinného podnikání /
|c kolektiv autorů
|
| 250 |
|
|
|a 1. vydání
|
| 264 |
|
1 |
|a Liberec :
|b Technická univerzita v Liberci,
|c 2017
|
| 300 |
|
|
|a vi, 65 stran :
|b ilustrace (některé barevné) ;
|c 26 cm
|
| 336 |
|
|
|a text
|b txt
|2 rdacontent
|
| 337 |
|
|
|a bez média
|b n
|2 rdamedia
|
| 338 |
|
|
|a svazek
|b nc
|2 rdacarrier
|
| 490 |
1 |
|
|a Strategické řízení výkonnosti podniku : edice Ekonomické fakulty Technické univerzity v Liberci ;
|v svazek: 4.
|
| 500 |
|
|
|a 100 výtisků
|
| 504 |
|
|
|a Obsahuje bibliografii a bibliografické odkazy
|
| 521 |
8 |
|
|a Určeno pro odbornou veřejnost
|
| 546 |
|
|
|a České a anglické resumé
|
| 648 |
|
7 |
|a 21. století
|7 ch460559
|2 czenas
|
| 650 |
0 |
7 |
|a rodinné podniky
|7 ph116051
|z Česko
|y 21. století
|2 czenas
|
| 650 |
0 |
9 |
|a family business enterprises
|z Czechia
|y 21st century
|2 eczenas
|
| 655 |
|
7 |
|a kolektivní monografie
|7 fd501537
|2 czenas
|
| 655 |
|
9 |
|a collective monographs
|2 eczenas
|
| 710 |
2 |
|
|a Technická univerzita v Liberci.
|b Ekonomická fakulta
|7 kn20091006020
|4 isb
|
| 810 |
2 |
|
|a Technická univerzita v Liberci.
|b Ekonomická fakulta.
|t Strategické řízení výkonnosti podniku
|0 s
|
| 910 |
2 |
|
|a BOA001
|b 2-1395.479
|
| 990 |
|
|
|a BK
|
| 995 |
|
|
|a 01
|
| 991 |
|
|
|b 201710
|c NOV
|
| 996 |
6 |
|
|b 2610720415
|c 2-1395.479
|l MZK
|r Sklad / do 1 hodiny
|n 2
|p p.v.
|w 001631860
|u 000010
|a 1
|e BOA001
|j MZK50
|s P
|